Az 1956-os forradalom szegedi történetének egy tragikus epizódja
Elmentve itt :
| Dokumentumtípus: | Cikk |
|---|---|
| Megjelent: |
1993-10-22
|
| Sorozat: | Délmagyarország
83 No. 247 |
| Kulcsszavak: | Farkas Csaba |
| Online Access: | http://dmarchiv.bibl.u-szeged.hu/93569 |
| LEADER | 00436nab a2200145 i 4500 | ||
|---|---|---|---|
| 001 | delm93569 | ||
| 005 | 20191004113232.0 | ||
| 008 | 191004s1993 hu o 0|| hun d | ||
| 040 | |a SZTE Délmagyarország Archívum |b hun | ||
| 041 | |a hun | ||
| 245 | 0 | 3 | |a Az 1956-os forradalom szegedi történetének egy tragikus epizódja |h [elektronikus dokumentum] |
| 260 | |c 1993-10-22 | ||
| 300 | |a 8 | ||
| 490 | 0 | |a Délmagyarország |v 83 No. 247 | |
| 695 | |a Farkas Csaba | ||